000 00736nam a22002417a 4500
003 UA-OsUOA
001 44852
007 ta
008 20070315b un ||||| |||| 00| 0 ukr d
100 _aЗахаржевская Р. В.
090 _a687. 016
_bЗ-38
942 _cBK
040 _aUA-OsUOA
_brus
_cUA-OsUOA
_dUA-OsUOA
245 _aИстория костюма. От античности до современности
300 _a288 с.
955 _a2
041 _arus
080 _a687. 016
020 _a978-5-7905-1398-5
260 _aМ.
_bРИПОЛ классик
_c2007
650 7 _a687 Швейна промисловість. Виробництво одягу. Косметика
_2UDC
999 _c330976
_d330976